Emotions and aggressive behavior
| Otros Autores: | ; |
|---|---|
| Tipo de documento: | Print Libro |
| Lenguaje: | Inglés |
| Publicado: |
Cambridge, Mass. Göttingen [u.a.]
Hogrefe & Huber
c2007
|
| En: | Año: 2007 |
| Acceso en línea: |
Índice Índice |
| Disponibilidad en Tübingen: | Disponible en Tübingen. UB: 48 A 1698 |
| Verificar disponibilidad: | HBZ Gateway |
| Servicio de pedido Subito: | Pedir ahora. |
| Palabras clave: |
MARC
| LEADER | 00000cam a2200000 c 4500 | ||
|---|---|---|---|
| 001 | 530019450 | ||
| 003 | DE-627 | ||
| 005 | 20260206193821.0 | ||
| 007 | tu | ||
| 008 | 070531s2007 xxu||||| 00| ||eng c | ||
| 015 | |a 08,A02,0101 |2 dnb | ||
| 016 | 7 | |a 013751745 |2 UK | |
| 016 | 7 | |a 985411104 |2 DE-101 | |
| 020 | |a 0889373434 |c : £28.00, EUR 34,95 (hbk.) |9 0-88937-343-4 | ||
| 020 | |a 9780889373433 |c : £28.00, EUR 34,95 (hbk.) |9 978-0-88937-343-3 | ||
| 024 | 3 | |a 9780889373433 | |
| 035 | |a (DE-627)530019450 | ||
| 035 | |a (DE-603)189819189 | ||
| 035 | |a (DE-576)265437466 | ||
| 035 | |a (DE-599)GBV530019450 | ||
| 035 | |a (OCoLC)238989513 | ||
| 035 | |a (OCoLC)238989513 | ||
| 035 | |a (OCoLC)444154689 | ||
| 040 | |a DE-627 |b ger |c DE-627 |e rakwb | ||
| 041 | |a eng | ||
| 044 | |c XD-US |c XA-DE | ||
| 082 | 0 | |a 155.232 | |
| 082 | 0 | 4 | |a 150 |
| 084 | |a 5,2 |2 ssgn | ||
| 084 | |a CP 3500 |q BVB |2 rvk |0 (DE-625)rvk/18979: | ||
| 084 | |a CP 3800 |q BSZ |2 rvk |0 (DE-625)rvk/18982: | ||
| 084 | |a 77.46 |2 bkl | ||
| 084 | |a 77.50 |2 bkl | ||
| 245 | 0 | 0 | |a Emotions and aggressive behavior |c ed. by Georges Steffgen; Mario Gollwitzer |
| 246 | 3 | 0 | |a behaviour |
| 264 | 1 | |a Cambridge, Mass. |a Göttingen [u.a.] |b Hogrefe & Huber |c c2007 | |
| 300 | |a X, 229 S. |b Ill., graph. Darst. |c 23cm | ||
| 336 | |a Text |b txt |2 rdacontent | ||
| 337 | |a ohne Hilfsmittel zu benutzen |b n |2 rdamedia | ||
| 338 | |a Band |b nc |2 rdacarrier | ||
| 500 | |a Literaturangaben | ||
| 583 | 1 | |a Archivierung/Langzeitarchivierung gewährleistet |f SSG |x XA-DE-BW |2 pdager |5 DE-21 | |
| 583 | 1 | |a Archivierung/Langzeitarchivierung gewährleistet |f PENI |x XA-DE-NI |2 pdager |5 DE-35 | |
| 583 | 1 | |a Archivierung prüfen |c 20240324 |f DE-4165 |z 3 |2 pdager | |
| 650 | 0 | 7 | |0 (DE-588)4141621-1 |0 (DE-627)105618969 |0 (DE-576)209712791 |a Aggressivität |2 gnd |
| 650 | 0 | 7 | |0 (DE-588)4019702-5 |0 (DE-627)106320602 |0 (DE-576)208930418 |a Gefühl |2 gnd |
| 650 | 0 | 7 | |0 (DE-588)4000732-7 |0 (DE-627)106400215 |0 (DE-576)208839216 |a Aggression |2 gnd |
| 650 | 4 | |a Aggressiveness | |
| 650 | 4 | |a Emotions | |
| 650 | 4 | |a AFFECTIVE disorders | |
| 650 | 4 | |a Aggression, Emotion, Research | |
| 655 | 7 | |a Aufsatzsammlung |0 (DE-588)4143413-4 |0 (DE-627)105605727 |0 (DE-576)209726091 |2 gnd-content | |
| 689 | 0 | 0 | |d s |0 (DE-588)4141621-1 |0 (DE-627)105618969 |0 (DE-576)209712791 |a Aggressivität |2 gnd |
| 689 | 0 | 1 | |d s |0 (DE-588)4019702-5 |0 (DE-627)106320602 |0 (DE-576)208930418 |a Gefühl |2 gnd |
| 689 | 0 | |5 DE-101 | |
| 689 | 1 | 0 | |d s |0 (DE-588)4141621-1 |0 (DE-627)105618969 |0 (DE-576)209712791 |a Aggressivität |2 gnd |
| 689 | 1 | 1 | |d s |0 (DE-588)4019702-5 |0 (DE-627)106320602 |0 (DE-576)208930418 |a Gefühl |2 gnd |
| 689 | 1 | 2 | |d s |0 (DE-588)4156272-0 |0 (DE-627)105509590 |0 (DE-576)209825553 |a Gefühlsstörung |2 gnd |
| 689 | 1 | |5 (DE-627) | |
| 700 | 1 | |a Steffgen, Georges |d 1961- |e Hrsg. |0 (DE-588)121173232 |0 (DE-627)081132964 |0 (DE-576)174643020 |4 edt | |
| 700 | 1 | |a Gollwitzer, Mario |d 1973- |0 (DE-588)123250196 |0 (DE-627)529175843 |0 (DE-576)184164354 |4 oth | |
| 856 | 4 | 2 | |u http://www.gbv.de/dms/hebis-darmstadt/toc/189819189.pdf |m V:DE-603 |m B:DE-17 |q pdf/application |x Verlag |y Inhaltsverzeichnis |3 Inhaltsverzeichnis |7 1 |
| 856 | 4 | 2 | |u http://scans.hebis.de/HEBCGI/show.pl?18981918_toc.pdf |m V:DE-603;B:DE-17 |q application/pdf |3 Inhaltsverzeichnis |7 1 |
| 935 | |a mkri | ||
| 935 | |i Blocktest | ||
| 936 | r | v | |a CP 3500 |b Zusammenfassendes und allgemeine Darstellungen |k Psychologie |k Allgemeine Psychologie |k Konflikt, Angst, Aggression, Frustration, Stress |k Zusammenfassendes und allgemeine Darstellungen |0 (DE-627)1429797266 |0 (DE-625)rvk/18979: |0 (DE-576)359797261 |
| 936 | r | v | |a CP 3800 |b Aggression, Frustration |k Psychologie |k Allgemeine Psychologie |k Konflikt, Angst, Aggression, Frustration, Stress |k Aggression, Frustration |0 (DE-627)1270707809 |0 (DE-625)rvk/18982: |0 (DE-576)200707809 |
| 936 | b | k | |a 77.46 |j Emotion |0 (DE-627)106418432 |
| 936 | b | k | |a 77.50 |j Psychophysiologie |0 (DE-627)106413163 |
| 936 | s | n | |a c200 |2 mzub |
| 951 | |a BO | ||
| ELC | |b 1 | ||
| LOK | |0 000 xxxxxcx a22 zn 4500 | ||
| LOK | |0 001 3115682204 | ||
| LOK | |0 003 DE-627 | ||
| LOK | |0 004 530019450 | ||
| LOK | |0 005 20080228090116 | ||
| LOK | |0 008 080204||||||||||||||||ger||||||| | ||
| LOK | |0 040 |a DE-21 |c DE-627 |d DE-21 | ||
| LOK | |0 852 |a DE-21 | ||
| LOK | |0 852 1 |c 48 A 1698 |9 00 | ||
| LOK | |0 938 |l 38 |8 2 | ||
| LOK | |0 938 |l 28/02/08 |8 6 | ||
| LOK | |0 939 |a 04-02-08 |b l01 | ||
| LOK | |0 000 xxxxxcx a22 zn 4500 | ||
| LOK | |0 001 3115683081 | ||
| LOK | |0 003 DE-627 | ||
| LOK | |0 004 530019450 | ||
| LOK | |0 005 20080708174111 | ||
| LOK | |0 008 080630||||||||||||||||ger||||||| | ||
| LOK | |0 040 |a DE-Frei85 |c DE-627 |d DE-Frei85 | ||
| LOK | |0 852 |a DE-Frei85 | ||
| LOK | |0 852 1 |m p |9 00 | ||
| LOK | |0 938 |k p | ||
| LOK | |0 939 |a 30-06-08 |b l01 | ||
| ORI | |a SA-MARC-krimdoka001.raw | ||
| SIG | |a UB: 48 A 1698 | ||
